| Tag |
First Indicator |
Second Indicator |
Subfields |
| LEADER |
00000nam a2200000 i 4500 |
| 001 |
in00004022421 |
| 005 |
20180723095337.0 |
| 006 |
m o d f |
| 007 |
cr ||||||||||| |
| 008 |
180604e198012 vaua obt f000 0 eng c |
| 035 |
|
|
|a (OCoLC)on1038520489
|
| 042 |
|
|
|a pcc
|
| 040 |
|
|
|a GPO
|b eng
|e rda
|e pn
|c GPO
|d GPO
|d MvI
|
| 049 |
|
|
|a WWW
|
| 074 |
|
|
|a 0830-H-14 (online)
|
| 086 |
0 |
|
|a NAS 1.26:159389
|
| 100 |
1 |
|
|a Oliver, Wayne R.,
|e author.
|
| 245 |
1 |
0 |
|a Results of design studies and wind tunnel tests of an advanced high lift system for an energy efficient transport /
|c Wayne R. Oliver.
|
| 264 |
|
1 |
|a [Hampton, Virginia?] :
|b NASA, Langley Research Center,
|c December 1980.
|
| 300 |
|
|
|a 1 online resource (xxi, 350 pages) :
|b illustrations.
|
| 336 |
|
|
|a text
|b txt
|2 rdacontent
|
| 337 |
|
|
|a computer
|b c
|2 rdamedia
|
| 338 |
|
|
|a online resource
|b cr
|2 rdacarrier
|
| 490 |
1 |
|
|a NASA/CR ;
|v 159389
|
| 500 |
|
|
|a "December 1980."
|
| 504 |
|
|
|a Includes bibliographical references (page 349-350).
|
| 536 |
|
|
|a Douglas Aircraft Company
|b NAS1-14714
|
| 588 |
|
|
|a Description based on online resource, PDF version; title from title page (NASA, viewed June 4, 2018).
|
| 650 |
|
7 |
|a Wind tunnel tests.
|2 nasat
|
| 650 |
|
7 |
|a Aircraft design.
|2 nasat
|
| 650 |
|
7 |
|a Flow visualization.
|2 nasat
|
| 650 |
|
7 |
|a Pressure distribution.
|2 nasat
|
| 650 |
|
7 |
|a High aspect ratio.
|2 nasat
|
| 710 |
2 |
|
|a Langley Research Center,
|e issuing body.
|
| 710 |
2 |
|
|a Douglas Aircraft Company.
|
| 776 |
0 |
8 |
|i Microfiche:
|a Oliver, Wayne R
|t Results of design studies and wind tunnel tests of an advanced high lift system for an energy efficient transport
|w (OCoLC)11824018
|
| 830 |
|
0 |
|a NASA contractor report ;
|v NASA CR-159389.
|
| 856 |
4 |
0 |
|u https://purl.fdlp.gov/GPO/gpo92969
|t 0
|
| 999 |
f |
f |
|s f66e1a52-bd2d-3757-87ec-0f9d18490f87
|i 2c060a5c-b772-3018-928f-ca4e59de3597
|t 0
|
| 952 |
f |
f |
|a Texas A&M University
|b College Station
|c Electronic Resources
|d Available Online
|t 0
|e NAS 1.26:159389
|h Superintendent of Documents classification
|
| 998 |
f |
f |
|a NAS 1.26:159389
|t 0
|l Available Online
|